LEADER 01672nam0 2200409 i 450 001 NAP0189749 005 20231121125559.0 010 $a2870311729 100 $a20141212d1997 ||||0itac50 ba 101 | $aita$alat$clat 102 $abe 181 1$6z01$ai $bxxxe 182 1$6z01$an 200 1 $aParentalia$fD. M. Ausonius$gintroduzione, testo, traduzione e commento a cura di Massimo Lolli 210 $aBruxelles$cLatomus$d1997 215 $a281 p.$d25 cm. 225 | $aCollection Latomus$v232 410 0$1001CFI0068341$12001 $aCollection Latomus$v232 500 10$aParentalia$3UBO3640249$9RAVV077725$91088676 606 $aAusonio, Decimo Magno . Parentalia$xCommenti$2FIR$3RMLC434072$9E 676 $a871.01$9Poesia latina. Origini-500$v21 700 1$aAusonius$b, Decimus Magnus$3RAVV077725$4070$0386570 702 1$aLolli$b, Massimo$3SBNV006112 790 0$aAvsonij Magni$3BVEV042619$zAusonius, Decimus Magnus 790 1$aAusonio$b, Decimo Magno$3CFIV153803$zAusonius, Decimus Magnus 790 1$aAusonio$b, D. Magno$3CFIV160366$zAusonius, Decimus Magnus 790 0$aAusonius : Burdigalensis$3CFIV172981$zAusonius, Decimus Magnus 790 0$aAusonio$3CFIV173227$zAusonius, Decimus Magnus 790 0$aAusone$3CFIV173228$zAusonius, Decimus Magnus 801 3$aIT$bIT-01$c20141212 850 $aIT-FR0017 899 $aBiblioteca umanistica Giorgio Aprea$bFR0017 $eN 912 $aNAP0189749 950 0$aBiblioteca umanistica Giorgio Aprea$d 52S.SIJ. CL 232$e 52FLS0000223985 VMB RS $fA $h20161018$i20161018 977 $a 52 996 $aParentalia$91088676 997 $aUNICAS